Atajos y rodeos /

Selección de textos de la columna Simbad el Mareado, publicada semanalmente por Julio Trujillo en el periódico La Razón entre agosto de 2009 y febrero de 2012. Se trata de crónicas, comentarios de lecturas, retratos de personajes y otras reflexiones sobre la vida en la Ciudad de México.

Salvato in:
Dettagli Bibliografici
Autore principale: Trujillo, Julio (autor)
Natura: Libro
Lingua:spagnolo
Pubblicazione: México : Cal y Arena, 2015, c2015
Soggetti:
Tags: Aggiungi Tag
Nessun Tag, puoi essere il primo ad aggiungerne!!

MARC

LEADER 00000nam^a2200000^a^4500
001 000390554
005 20250521000000.0
009 20260310121151.674
020 |a 978-607-9357-70-2 
037 |a Acervo ITESO - Biblioteca 
041 |a ESP 
082 |a 863.  |b TRU 
100 |a Trujillo, Julio  |e (autor) 
245 1 0 |a Atajos y rodeos /  |c J. Trujillo. 
264 4 |a México :  |b Cal y Arena,  |c 2015, c2015 
300 |a 243 p. 
336 |a texto  |b txt  |2 rdacontenido 
337 |a sin mediación  |b n  |2 rdamedio 
338 |a volumen  |b nc  |2 rdasoporte 
520 |a Selección de textos de la columna Simbad el Mareado, publicada semanalmente por Julio Trujillo en el periódico La Razón entre agosto de 2009 y febrero de 2012. Se trata de crónicas, comentarios de lecturas, retratos de personajes y otras reflexiones sobre la vida en la Ciudad de México. 
649 |a XX 
650 |a Delincuencia -  |z México (Ciudad) 
650 |a Limpieza y Recolección de Basura -  |z México (Ciudad) 
650 |a Calidad Ambiental -  |z México (Ciudad) 
650 |a Transporte Urbano -  |z México (Ciudad) 
650 |a Tránsito Vehicular -  |z México (Ciudad) 
650 |a Vida Cotidiana -  |z México (Ciudad) 
650 |a Arquitectura Mexicana -  |x Historia y Crítica 
650 |a Arte Mexicano -  |x Historia y Crítica 
650 |a Crónicas Mexicanas 
650 |a Artículos Periodísticos Mexicanos 
650 |a Literatura Mexicana -  |y Siglo XXI 
650 |a Literatura Mexicana -  |x Historia y Crítica 
650 |a México (Ciudad) en la Literatura -  |x Historia y Crítica 
650 |a México (Ciudad) en la Literatura -  |x Tema Principal 
650 |a México (Ciudad) -  |x Descripción -  |x Tema Principal 
650 |a México (Ciudad) -  |x Historia 
650 |a Gutiérrez Nájera, Manuel 
650 |a Fuentes, Carlos 
650 |a Prieto, Guillermo 
650 |a López Velarde, Ramón 
650 |a Bolaño, Roberto 
650 |a Mérida, Carlos 
650 |a Kerouac, Jack 
650 |a Cernuda, Luis 
650 |a Valle-Arizpe, Artemio de 
650 |a Jiménez, Armando 
650 |a Owen, Gilberto 
650 |a Othón, Manuel José 
600 |a Barba Jacob, Porfirio 
910 |a Fondo General 
920 |a Impresos - Libros 
930 |a Colección General 
940 |a Literatura 
905 |a 101 
901 |a 0500285495  |b IT1  |c LIT  |i C148967  |u 20250521 
902 |a https://opac.biblio.iteso.mx/vufind/Record/000390554